| 000 | 00253 a2200109 4500 | ||
|---|---|---|---|
| 999 |
_c289837 _d289837 |
||
| 001 | 54764 | ||
| 003 | NUST | ||
| 005 | 20180118195457.0 | ||
| 008 | 180118b xxu||||| |||| 00| 0 eng d | ||
| 082 | _a815/RDA | ||
| 245 | _aWrite better speak better | ||
| 260 |
_aLahore _bPAF Book Club, LAhore _c1995 |
||
| 300 | _a730P. | ||
| 942 |
_aNUST-CAE _cBK _k815/RDA _2ddc |
||